LEADER 02266nam a2200265 i 4500 001 000000158806 003 CaOOAMICUS 005 20171106000000.0 008 070213s1954 it u000 u ita u 013 $a136169 040 $aSeMil$bita 245 10$aIndagine statistica su alcuni elementi che influiscono sulla efficacia del ministero parrocchiale /$cStudio svolto dagli assistenti delle ACLI. 246 04$iTitolo in copertina:$aIndagine statistica su alcuni elementi che influiscono sulla efficacia della vita parrocchiale 260 $aMilano :$bAssistenti ACLI,$c1954. 300 $a60 p. ;$c46 cm :$bill., grafici, tabelle + [1] supplemento :$bP. [31]-45 ;$c23 cm :$btabelle + [1] c. allegata. 500 $aIn copertina e a pič del front. : Roma 7 dicembre 1954, "incontro" col Novello Arcivescovo [S. E. Giovanni Battista Montini]. - In Appendice : Sguardo alla situazione sociale e politica della Diocesi di Milano. - In Supplemento : Aumento della popolazione nelle zona statistiche del Comune di Milano, censimenti del 1936 e del 1951 [estratto da "Rivista Diocesana Milanese" n° 3, marzo 1954]. - In Allegato : Studio per una sistemazione delle parrocchie di Milano secondo il P. R. 1952. 710 0 $aACLI .$0(OLS)http://semarc/name/7309 774 0 $tSguardo alla situazione sociale e politica della Diocesi di Milano. - In.$w()329172 774 0 $tAumento della popolazione nelle zone statistiche del Comune di Milano, censimenti del 1936 e del 1951 [estratto da "Rivista Diocesana Milanese" N° 3, marzo 1954]. - In.$w()329173 774 0 $tStudio per una sistemazione delle parrocchie di Milano secondo il P. R. 1952. - [1] c. di tav. ; 40x32 cm. - Allegato al supplemento della "Rivista Diocesana Milanese", Anno 43., N. 3, marzo 1954.$w()329174 850 $aSeMil 852 $aSeMil$W1$xVenegono$y1$m5N XII 41$j110411$B110411$CSeMilBibl$Z2$F120058 $8I 996 $6245$aIndagine statistica su alcuni elementi che influiscono sulla efficacia del ministero parrocchiale$9(OLS)http://semarc/title/406270 996 $6246$aIndagine statistica su alcuni elementi che influiscono sulla efficacia della vita parrocchiale$9(OLS)http://semarc/title/406271 996 $6260$aMilano :$bAssistenti ACLI$9(OLS)http://semarc/publisher/56861 LEADER 01258nam a2200253 i 4500 001 000000072609 003 CaOOAMICUS 005 20070730000000.0 008 070730s1979 it u000 u ita u 013 $a43781 040 $aSeMil$bita 245 10$aGiovanni Boine - Amici della «Voce» - Vari :$b1904-1917 /$ca cura di Margherita Marchione e S. Eugene Scalia ; prefazione di Giovanni Vittorio Amoretti. 300 $aXLIV, 686 p., [9] c. di tav. :$bill. 500 $aDono di Mons. Antonio Rimoldi. 600 14$aBoine, Giovanni <1887-1917>.$0(OLS)http://semarc/subject/11369 700 1 $aBoine, Giovanni,$d<1887-1917>.$0(OLS)http://semarc/name/412 700 1 $aAmoretti, Giovanni Vittorio,$d<1892-1988>.$0(OLS)http://semarc/name/196 700 1 $aScalia, Samuel Eugene.$0(OLS)http://semarc/name/8252 700 1 $aMarchione, Margherita,$c.$0(OLS)http://semarc/name/2643 773 0 $aBoine, Giovanni <1887-1917>$tCarteggio.$dRoma : Edizioni di Storia e Letteratura, [197-]?.$g4$w()572 850 $aSeMil 852 $aSeMil$W1$xVenegono$y1$m1D V 225$j38762$B38762$CSeMilBibl$Z2$F38765 $81 961 $aOmaggio: Donazione 996 $6245$aGiovanni Boine - Amici della «Voce» - Vari :$b1904-1917$9(OLS)http://semarc/title/117140